Statystyki dla Polscy Medaliści Zimowych Igrzysk Olimpijskich

Kliknij tutaj aby rozwiązać quiz!

Ogólne statystyki

  • Ten quiz został rozwiązany 357 razy
  • Średni wynik to 20 z 32

Statystyki odpowiedzi

Rok Medal Medalista % poprawnych
2014ZłotoKamil Stoch
100%
2006BrązJustyna Kowalczyk
95%
2002BrązAdam Małysz
92%
2014ZłotoZbigniew Bródka
85%
2018BrązDawid Kubacki
80%
1972ZłotoWojciech Fortuna
75%
2018BrązMaciej Kot
74%
2018BrązStefan Hula
73%
2006SrebroTomasz Sikora
53%
2010BrązKatarzyna Bachleda-Curuś
27%
2010BrązLuiza Złotkowska
27%
2014SrebroNatalia Czerwonka
27%
2014BrązKonrad Niedźwiedzki
26%
2014BrązJan Szymański
19%
1956BrązFranciszek Gąsienica Groń
17%
1960SrebroElwira Seroczyńska
8%
1960BrązHelena Pilejczyk
8%
2010BrązKatarzyna Woźniak
8%

Rozkład punktacji

Percentyl według liczby udzielonych odpowiedzi

Procent ludzi z każdym wynikiem

Twoja historia wyników

Nie rozwiązałeś tego quizu